[Event "Oberliga Wuerttemberg 2122"]
[Site "Wuerttemberg"]
[Date "2021.09.19"]
[Round "1.7"]
[White "Rempeli, Alexander"]
[Black "Huber, Philipp"]
[Result "0-1"]
[WhiteElo "2079"]
[BlackElo "2228"]
[PlyCount "89"]
[EventDate "2021.09.19"]
[EventType "team-tourn"]
[EventRounds "9"]
[EventCountry "GER"]
[SourceTitle "EXT 2023"]
[Source "ChessBase"]
[SourceDate "2022.10.05"]
[SourceVersion "1"]
[SourceVersionDate "2022.10.05"]
[SourceQuality "1"]
[WhiteTeam "Deizisau II"]
[BlackTeam "Heilbronn"]
[WhiteTeamCountry "GER"]
[BlackTeamCountry "GER"]

1. d4 Nf6 2. c4 d6 3. Nf3 g6 4. Nc3 Bg7 5. e4 0-0 6. h3 Na6 7. Bg5 h6 8. Be3 e5 9. d5 Nc5 10. Nd2 a5 11. Be2 Ne8 12. g4 f5 13. Qc2 f4 14. Bxc5 dxc5 15. 0-0-0 f3 16. Nxf3 Ra6 17. Rdf1 Qe7 18. Ne1 Bf6 19. Ng2 Bg5+ 20. Kb1 Bd7 21. h4 Bf4 22. h5 g5 23. Rd1 Nd6 24. Rhf1 b6 25. a4 Raa8 26. b3 Rf6 27. Nb5 Bxb5 28. cxb5 Raf8 29. Rh1 R8f7 30. Rdg1 c4 31. Bxc4 Nxc4 32. Qxc4 Qa3 33. Ne1 Bd2 34. Nc2 Qd6 35. Rf1 Rf3 36. Ne3 Qa3 37. d6 cxd6 38. Kc2 Qa2+ 39. Kd3 d5 40. Qc8+ Kg7 41. Qc6 Qxb3+ 42. Kxd2 Rxf2+ 43. Rxf2 Rxf2+ 44. Kc1 Qb2+ 45. Kd1 0-1

[Event "Heusenstamm Sparkassen op-A 6th"]
[Site "Heusenstamm"]
[Date "2019.11.22"]
[Round "2"]
[White "Nasuta, Grzegorz"]
[Black "Rempeli, Alexander"]
[Result "1-0"]
[WhiteElo "2539"]
[BlackElo "2076"]
[PlyCount "71"]
[EventDate "2019.11.21"]
[EventType "swiss"]
[EventRounds "7"]
[EventCountry "GER"]
[SourceTitle "CBM 193 Extra"]
[Source "ChessBase"]
[SourceDate "2020.01.31"]
[SourceVersion "1"]
[SourceVersionDate "2020.01.31"]
[SourceQuality "1"]

1. e4 e6 2. d4 d5 3. Nc3 Nf6 4. e5 Nfd7 5. f4 c5 6. Nf3 Nc6 7. Be3 cxd4 8. Nxd4 Bc5 9. Qd2 0-0 10. 0-0-0 a6 11. Qf2 Qe7 12. Kb1 Nxd4 13. Bxd4 b5 14. Bd3 Bxd4 15. Qxd4 b4 16. Ne4 a5 17. Ng5 g6 18. h4 Qc5 19. Qxc5 Nxc5 20. h5 h6 21. Nf3 Kg7 22. Nh2 Ba6 23. Ng4 Rh8 24. Rh3 Bxd3 25. cxd3 a4 26. Rc1 Rac8 27. Nf6 Nb7 28. Rhh1 Rhd8 29. g4 Na5 30. hxg6 fxg6 31. f5 gxf5 32. Rcg1 f4 33. g5 h5 34. g6 Rc7 35. Rxh5 Rh8 36. Rxh8 1-0

[Event "Veliko Gradiste Silver Lake op"]
[Site "Veliko Gradiste"]
[Date "2019.06.20"]
[Round "6"]
[White "Galunova, Tsveta"]
[Black "Rempeli, Alexander"]
[Result "1/2-1/2"]
[WhiteElo "2156"]
[BlackElo "2016"]
[PlyCount "94"]
[EventDate "2019.06.16"]
[EventType "swiss"]
[EventRounds "9"]
[EventCountry "SRB"]
[SourceTitle "CBM 191 Extra"]
[Source "ChessBase"]
[SourceDate "2019.09.30"]
[SourceVersion "1"]
[SourceVersionDate "2019.09.30"]
[SourceQuality "1"]

1. d4 e6 2. c4 f5 3. Nc3 Nf6 4. Nf3 Bb4 5. Qc2 b6 6. a3 Bxc3+ 7. Qxc3 Ne4 8. Qc2 0-0 9. e3 Bb7 10. Bd3 d6 11. 0-0 Nd7 12. b4 a5 13. Bb2 Qe7 14. Rfd1 Ndf6 15. Rf1 Qf7 16. Nd2 Nxd2 17. Qxd2 Qg6 18. f3 axb4 19. axb4 Rxa1 20. Bxa1 Ra8 21. Bb2 h5 22. Qf2 Ra4 23. b5 Qe8 24. Ra1 Rxa1+ 25. Bxa1 Qa8 26. Bc3 Qa3 27. Qb2 Qxb2 28. Bxb2 Kf7 29. h4 Nd7 30. Kf2 d5 31. Kg3 Kf6 32. c5 c6 33. e4 fxe4 34. fxe4 Kf7 35. exd5 exd5 36. Bf5 Nb8 37. bxc6 Nxc6 38. cxb6 Ne7 39. Kf4 Kf6 40. Bh3 Nc8 41. Bxc8 Bxc8 42. Ba3 g6 43. Bd6 Ba6 44. Be5+ Ke6 45. Kg5 Kf7 46. Bc7 Bc8 47. Kf4 Ke6 1/2-1/2

[Event "Veliko Gradiste Silver Lake op"]
[Site "Veliko Gradiste"]
[Date "2019.06.18"]
[Round "4"]
[White "Alexa, Cosmin"]
[Black "Rempeli, Alexander"]
[Result "1/2-1/2"]
[WhiteElo "1892"]
[BlackElo "2016"]
[PlyCount "78"]
[EventDate "2019.06.16"]
[EventType "swiss"]
[EventRounds "9"]
[EventCountry "SRB"]
[SourceTitle "CBM 191 Extra"]
[Source "ChessBase"]
[SourceDate "2019.09.30"]
[SourceVersion "1"]
[SourceVersionDate "2019.09.30"]
[SourceQuality "1"]

1. d4 e6 2. Bf4 d5 3. e3 c5 4. c3 Nf6 5. Nd2 Bd6 6. Bg3 Qc7 7. Ngf3 Nbd7 8. Bd3 0-0 9. Rc1 b6 10. a3 Bb7 11. Bxd6 Qxd6 12. 0-0 e5 13. Bb5 e4 14. Ne1 Rfe8 15. Nc2 c4 16. f4 a6 17. Bxd7 Qxd7 18. h3 h5 19. Qe1 Qf5 20. Qh4 Bc8 21. Rf2 a5 22. Nf1 b5 23. Ng3 Qg6 24. Rcf1 Ra6 25. Qg5 Re7 26. Qxg6 fxg6 27. Ne2 Bf5 28. Kh2 Kf7 29. Ra1 Rb7 30. g3 Ra8 31. Ne1 Rab8 32. Nc2 Ke6 33. Rg1 Ke7 34. Nc1 Bd7 35. Na2 Rh8 36. Ne1 Nh7 37. Ng2 g5 38. Rgf1 g4 39. Nh4 Rb6 1/2-1/2

[Event "Oberliga Wuerttemberg 1819"]
[Site "Wuerttemberg"]
[Date "2019.03.24"]
[Round "8"]
[White "Lahouel, Kim Luca"]
[Black "Rempeli, Alexander"]
[Result "1-0"]
[WhiteElo "1937"]
[BlackElo "2030"]
[PlyCount "99"]
[EventDate "2018.09.23"]
[EventType "team-tourn"]
[EventRounds "9"]
[EventCountry "GER"]
[SourceTitle "EXT 2020"]
[Source "ChessBase"]
[SourceDate "2019.10.17"]
[SourceVersion "1"]
[SourceVersionDate "2019.10.17"]
[SourceQuality "1"]
[WhiteTeam "Heilbronn"]
[BlackTeam "Deizisau II"]
[WhiteTeamCountry "GER"]
[BlackTeamCountry "GER"]

1. e4 e6 2. d4 d5 3. e5 c5 4. c3 Nc6 5. Nf3 Nh6 6. a3 f6 7. Bd3 Nf7 8. exf6 Qxf6 9. 0-0 cxd4 10. cxd4 Bd6 11. Nc3 0-0 12. Bc2 Bd7 13. Qd3 g6 14. h4 Ne7 15. g3 Rac8 16. Kg2 e5 17. dxe5 Nxe5 18. Nxe5 Qxe5 19. Bb3 Rxc3 20. bxc3 Bf5 21. Qd4 Qe6 22. Kg1 Bg4 23. Bg5 Be5 24. Qd2 Kh8 25. Bxe7 Qxe7 26. Qxd5 Bxc3 27. Rac1 Bf3 28. Qe6 Qxe6 29. Bxe6 Bb2 30. Rc8 Rxc8 31. Bxc8 Bxa3 32. Rb1 Bc5 33. Bxb7 Be2 34. Rc1 Bd4 35. Re1 Bb5 36. Rb1 Be8 37. Ba6 Bb6 38. Re1 Bf7 39. Re7 Kg8 40. Kf1 Bc5 41. Re4 Kf8 42. Ke2 Bb6 43. f4 Be8 44. Re5 Bd7 45. Kf3 Bd4 46. Re2 Bc6+ 47. Kg4 Bd7+ 48. Kg5 Bg7 49. h5 Be8 50. hxg6 1-0

[Event "Deizisau op 13th"]
[Site "Deizisau"]
[Date "2018.10.28"]
[Round "5"]
[White "Mueller, Philipp1111"]
[Black "Rempeli, Alexander"]
[Result "1/2-1/2"]
[WhiteElo "2212"]
[BlackElo "2018"]
[PlyCount "101"]
[EventDate "2018.10.26"]
[EventType "swiss"]
[EventRounds "7"]
[EventCountry "GER"]
[SourceTitle "CBM 187 Extra"]
[Source "ChessBase"]
[SourceDate "2018.11.04"]
[SourceVersion "1"]
[SourceVersionDate "2018.11.04"]
[SourceQuality "1"]

1. c4 e6 2. g3 d5 3. Bg2 dxc4 4. Qa4+ c6 5. Qxc4 Nf6 6. Nf3 b5 7. Qb3 Bb7 8. 0-0 Nbd7 9. d4 a6 10. Ne5 Nxe5 11. dxe5 Nd7 12. f4 Qb6+ 13. Be3 c5 14. Bxb7 Qxb7 15. Nd2 Be7 16. f5 Qd5 17. fxe6 fxe6 18. a4 Qxb3 19. Nxb3 b4 20. Rac1 Rf8 21. Rfd1 Rf5 22. Bf4 g5 23. e4 Rf7 24. Be3 Rf3 25. Nxc5 Rxe3 26. Nxd7 Rd8 27. Nf6+ Bxf6 28. exf6 Rxd1+ 29. Rxd1 Rxe4 30. a5 Re5 31. Rd6 Rxa5 32. Rxe6+ Kf7 33. Rb6 Ra1+ 34. Kf2 a5 35. Kf3 Rb1 36. Kg4 Kg6 37. f7+ Kxf7 38. Rb5 Rxb2 39. Rxa5 Rxh2 40. Rb5 Rb2 41. Kxg5 b3 42. Rb6 Rb1 43. Rb7+ Ke6 44. Rxh7 Rg1 45. Rb7 Rxg3+ 46. Kf4 Rh3 47. Ke4 Kd6 48. Kd4 Kc6 49. Rb8 Kc7 50. Rb5 Kc6 51. Rb8 1/2-1/2

[Event "Veliko Gradiste Silver Lake op"]
[Site "Veliko Gradiste"]
[Date "2018.06.22"]
[Round "7"]
[White "Rempeli, Alexander"]
[Black "Dolgun, Can"]
[Result "0-1"]
[WhiteElo "2033"]
[BlackElo "2000"]
[PlyCount "78"]
[EventDate "2018.06.17"]
[EventType "swiss"]
[EventRounds "9"]
[EventCountry "SRB"]
[SourceTitle "CBM 185 Extra"]
[Source "ChessBase"]
[SourceDate "2018.07.29"]
[SourceVersion "1"]
[SourceVersionDate "2018.07.29"]
[SourceQuality "1"]

1. d4 d5 2. c4 c6 3. Nc3 Nf6 4. e3 Bg4 5. Qb3 Qb6 6. Qxb6 axb6 7. cxd5 Nxd5 8. Nxd5 cxd5 9. Bd3 Nc6 10. Ne2 Nb4 11. Bb1 e6 12. f3 Bh5 13. Nf4 Bg6 14. Nxg6 hxg6 15. Bd2 Nc6 16. Bd3 Bd6 17. h3 Ke7 18. Ke2 g5 19. Bc3 f5 20. e4 fxe4 21. fxe4 Rh4 22. e5 Bc7 23. g4 Rf8 24. Raf1 Rf4 25. Rxf4 gxf4 26. Bb5 g5 27. Kd3 Rh8 28. Bd2 Na7 29. a4 Kf7 30. Ke2 Bd8 31. h4 Rxh4 32. Rxh4 gxh4 33. Bxf4 Nxb5 34. axb5 Kg6 35. Kf2 Bg5 36. Bh2 Bc1 37. Bg1 Kg5 38. Kf3 Bf4 39. b3 h3 0-1

[Event "Veliko Gradiste Silver Lake op"]
[Site "Veliko Gradiste"]
[Date "2018.06.21"]
[Round "6"]
[White "Krstulovic, Alex"]
[Black "Rempeli, Alexander"]
[Result "1-0"]
[WhiteElo "2305"]
[BlackElo "2033"]
[PlyCount "63"]
[EventDate "2018.06.17"]
[EventType "swiss"]
[EventRounds "9"]
[EventCountry "SRB"]
[SourceTitle "CBM 185 Extra"]
[Source "ChessBase"]
[SourceDate "2018.07.29"]
[SourceVersion "1"]
[SourceVersionDate "2018.07.29"]
[SourceQuality "1"]

1. d4 e6 2. c4 d5 3. Nc3 c6 4. Nf3 dxc4 5. e3 b5 6. a4 Bb4 7. Be2 Nf6 8. 0-0 0-0 9. axb5 Bxc3 10. bxc3 cxb5 11. Ba3 Re8 12. Ne5 Nd5 13. Qd2 f6 14. Nf3 Bb7 15. Rab1 Qd7 16. e4 Nb6 17. Qe3 f5 18. Ne5 Qc7 19. exf5 Nd5 20. Qd2 a6 21. Bh5 Nc6 22. Bf7+ Kh8 23. Bxe8 Nxe5 24. dxe5 Rxe8 25. f6 gxf6 26. exf6 Nxf6 27. Bd6 Rg8 28. f3 Qb6+ 29. Kh1 Rd8 30. Rbd1 e5 31. Qh6 Rxd6 32. Qf8+ 1-0

[Event "Hofheim Spring op-A 5th"]
[Site "Hofheim"]
[Date "2017.04.08"]
[Round "3"]
[White "Schnabel, Bennett"]
[Black "Rempeli, Alexander"]
[Result "1-0"]
[WhiteElo "2047"]
[BlackElo "2067"]
[PlyCount "84"]
[EventDate "2017.04.07"]
[EventType "swiss"]
[EventRounds "9"]
[EventCountry "GER"]
[SourceTitle "CBM 177 Extra"]
[Source "ChessBase"]
[SourceDate "2017.04.27"]
[SourceVersion "1"]
[SourceVersionDate "2017.04.27"]
[SourceQuality "1"]

1. e4 e6 2. d4 d5 3. Nd2 h6 4. h3 a6 5. Ngf3 Nf6 6. e5 Nfd7 7. Bd3 c5 8. c3 Nc6 9. 0-0 g5 10. Qe2 h5 11. g4 hxg4 12. hxg4 Qb6 13. dxc5 Qc7 14. Re1 Bg7 15. Nf1 Ndxe5 16. Nxg5 Nxd3 17. Qxd3 Rh4 18. f4 Rxg4+ 19. Kf2 Rh4 20. Qxd5 Rxf4+ 21. Bxf4 Qxf4+ 22. Nf3 Bd7 23. Qg5 Qxg5 24. Nxg5 Ne5 25. Red1 Ng4+ 26. Kg3 f5 27. Nf7 Bc6 28. Nd6+ Ke7 29. Nc4 Bh6 30. Na5 Be4 31. Nd2 Bc2 32. Rdc1 Rg8 33. Rxc2 Ne3+ 34. Kf3 Nxc2 35. Rc1 Ne3 36. Rh1 Ng4 37. Ndc4 e5 38. Nd6 e4+ 39. Ke2 Ke6 40. Ndxb7 e3 41. c6 Rg7 42. Rh5 f4 1-0

[Event "Oeffingen op 4th"]
[Site "Oeffingen"]
[Date "2013.05.17"]
[Round "1"]
[White "Rempeli, Alexander"]
[Black "Meinecke, Klaus Hinrich"]
[Result "1-0"]
[WhiteElo "2015"]
[BlackElo "1614"]
[PlyCount "121"]
[EventDate "2013.05.17"]
[EventType "swiss"]
[EventRounds "7"]
[EventCountry "GER"]
[SourceTitle "CBM 154 Extra"]
[Source "ChessBase"]
[SourceDate "2013.06.25"]
[SourceVersion "2"]
[SourceVersionDate "2013.06.25"]
[SourceQuality "1"]

1. d4 Nf6 2. c4 e6 3. Nc3 d5 4. Nf3 Nbd7 5. c5 a5 6. Bf4 Nh5 7. Bg5 Be7 8. Bxe7 Qxe7 9. Nb5 Nb8 10. Ne5 0-0 11. e3 Nf6 12. Bd3 Ne4 13. Bxe4 dxe4 14. 0-0 f6 15. Nc4 Nc6 16. Qg4 f5 17. Qg3 Rf7 18. f3 exf3 19. Qxf3 g6 20. Rac1 Ra6 21. Rfd1 Nb4 22. Nc3 g5 23. e4 Nc6 24. exf5 Rxf5 25. Qe3 h6 26. Qe4 Kg7 27. Rf1 Qf6 28. d5 Qd4+ 29. Qxd4+ Nxd4 30. Rfd1 exd5 31. Ne3 Re5 32. Nexd5 Rxd5 33. Nxd5 Ne2+ 34. Kf2 Nxc1 35. Rxc1 Rc6 36. Ke3 b6 37. Kd4 bxc5+ 38. Rxc5 Bb7 39. g3 Kf7 40. Rxc6 Bxc6 41. Nxc7 a4 42. b4 axb3 43. axb3 Kf6 44. b4 Kf5 45. Ke3 Kg4 46. Kf2 Kh3 47. Kg1 Kg4 48. b5 Bb7 49. Ne6 h5 50. Nc5 Bd5 51. b6 h4 52. Kf2 Kh3 53. gxh4 gxh4 54. Kg1 Kg4 55. b7 Bxb7 56. Nxb7 Kf3 57. Nd6 Kg4 58. Kg2 h3+ 59. Kf2 Kf4 60. Nc4 Kg4 61. Ke3 1-0

[Event "GER-ch Net final U25"]
[Site "Playchess.com INT"]
[Date "2012.09.15"]
[Round "7"]
[White "Graf, Felix"]
[Black "Rempeli, Alexander"]
[Result "1/2-1/2"]
[WhiteElo "2368"]
[BlackElo "1966"]
[PlyCount "60"]
[EventDate "2012.09.15"]
[EventType "swiss (blitz)"]
[EventRounds "9"]
[EventCountry "GER"]
[SourceTitle "CBM 150 Extra"]
[Source "ChessBase"]
[SourceDate "2012.10.19"]
[SourceVersion "1"]
[SourceVersionDate "2012.10.19"]
[SourceQuality "1"]

1. d4 Nf6 2. c4 g6 3. Nc3 d5 4. cxd5 Nxd5 5. e4 Nxc3 6. bxc3 Bg7 7. Nf3 c5 8. Rb1 0-0 9. Be2 cxd4 10. cxd4 Qa5+ 11. Qd2 Qxd2+ 12. Bxd2 b6 13. 0-0 Bb7 14. d5 Ba6 15. Rfe1 Rc8 16. Bb4 e6 17. dxe6 fxe6 18. Ng5 Bxe2 19. Rxe2 Nc6 20. Bd6 e5 21. Ne6 Nd4 22. Nxd4 exd4 23. Rd2 Rc4 24. Kf1 Rac8 25. e5 g5 26. Rbd1 Ra4 27. a3 Rcc4 28. Re2 Kf7 29. e6+ Ke8 30. Rd3 a5 1/2-1/2

[Event "GER-ch Net final U25"]
[Site "Playchess.com INT"]
[Date "2012.09.15"]
[Round "9"]
[White "Rempeli, Alexander"]
[Black "Andok, Claus Michael"]
[Result "1/2-1/2"]
[WhiteElo "1966"]
[BlackElo "2116"]
[PlyCount "71"]
[EventDate "2012.09.15"]
[EventType "swiss (blitz)"]
[EventRounds "9"]
[EventCountry "GER"]
[SourceTitle "CBM 150 Extra"]
[Source "ChessBase"]
[SourceDate "2012.10.19"]
[SourceVersion "1"]
[SourceVersionDate "2012.10.19"]
[SourceQuality "1"]

1. d4 e6 2. c4 b6 3. a3 Bb7 4. Nc3 f5 5. d5 Nf6 6. g3 Be7 7. Bg2 0-0 8. Nf3 Na6 9. 0-0 Nc5 10. Nd4 Nfe4 11. Nxe4 Nxe4 12. Bf4 Bf6 13. dxe6 c5 14. Nxf5 dxe6 15. Nd6 Nxd6 16. Qxd6 Qxd6 17. Bxd6 Bxg2 18. Kxg2 Rfd8 19. Rfd1 Bxb2 20. Ra2 Bf6 21. Rad2 Rd7 22. a4 h5 23. f4 Kf7 24. h3 Rad8 25. Rd3 Bd4 26. Be5 Ke7 27. Kf3 Bxe5 28. fxe5 Rxd3+ 29. exd3 Rf8+ 30. Ke3 Rf5 31. Ke4 g5 32. a5 h4 33. axb6 axb6 34. gxh4 Rf4+ 35. Ke3 Rxh4 36. Rb1 1/2-1/2

[Event "GER-ch Net qual1 U25"]
[Site "Playchess.com INT"]
[Date "2012.09.01"]
[Round "3"]
[White "Andok, Claus Michael"]
[Black "Rempeli, Alexander"]
[Result "1-0"]
[WhiteElo "2116"]
[BlackElo "1966"]
[PlyCount "55"]
[EventDate "2012.09.01"]
[EventType "swiss (blitz)"]
[EventRounds "7"]
[EventCountry "GER"]
[SourceTitle "CBM 150 Extra"]
[Source "ChessBase"]
[SourceDate "2012.10.19"]
[SourceVersion "1"]
[SourceVersionDate "2012.10.19"]
[SourceQuality "1"]

1. c4 Nf6 2. Nc3 b6 3. Nf3 Bb7 4. g3 e6 5. Bg2 c5 6. 0-0 Be7 7. d4 cxd4 8. Nxd4 Bxg2 9. Kxg2 h5 10. Bf4 h4 11. Ndb5 h3+ 12. Kg1 Na6 13. Nd6+ Bxd6 14. Bxd6 Nh5 15. Qd4 Qg5 16. f4 Qg4 17. Rf3 f5 18. b4 Nf6 19. Rd1 Rh7 20. Nb5 Ne4 21. Be5 g6 22. c5 bxc5 23. bxc5 Rc8 24. Nd6+ Nxd6 25. Bxd6 Kf7 26. c6 dxc6 27. Qxa7+ Kg8 28. Qxa6 1-0

[Event "GER-ch Net qual1 U25"]
[Site "Playchess.com INT"]
[Date "2012.09.01"]
[Round "2"]
[White "Rempeli, Alexander"]
[Black "Graf, Felix"]
[Result "1/2-1/2"]
[WhiteElo "1966"]
[BlackElo "2368"]
[PlyCount "112"]
[EventDate "2012.09.01"]
[EventType "swiss (blitz)"]
[EventRounds "7"]
[EventCountry "GER"]
[SourceTitle "CBM 150 Extra"]
[Source "ChessBase"]
[SourceDate "2012.10.19"]
[SourceVersion "1"]
[SourceVersionDate "2012.10.19"]
[SourceQuality "1"]

1. d4 e6 2. c4 Bb4+ 3. Nc3 c5 4. d5 Bxc3+ 5. bxc3 Qa5 6. Qc2 Nf6 7. Nf3 0-0 8. dxe6 fxe6 9. Bg5 Ne4 10. Bd2 d5 11. e3 Nxd2 12. Nxd2 Nc6 13. cxd5 exd5 14. Bd3 h6 15. 0-0 Ne5 16. f4 Ng4 17. Rf3 Bd7 18. Rb1 Qc7 19. h3 Nf6 20. Rg3 Kh8 21. Bg6 Rac8 22. Nf3 Ne4 23. Bxe4 dxe4 24. Qxe4 Bf5 25. Qxb7 Bxb1 26. Qxb1 Rb8 27. Qg6 Rb6 28. Qh5 Rb1+ 29. Kh2 Qd6 30. Rg6 Qe7 31. Rxh6+ gxh6 32. Qxh6+ Kg8 33. Qg6+ Qg7 34. Qxb1 Re8 35. e4 Qf6 36. Qb3+ Kh8 37. f5 Rxe4 38. Qb8+ Kg7 39. Qxa7+ Re7 40. Qb8 Qxf5 41. a4 Rf7 42. a5 Qf4+ 43. Qxf4 Rxf4 44. Ne5 Ra4 45. Kg3 Kf6 46. Nd7+ Ke7 47. Nxc5 Rxa5 48. Nd3 Ra3 49. Nf4 Rxc3+ 50. Kg4 Rc4 51. g3 Kf6 52. h4 Kg7 53. Kg5 Rc5+ 54. Kg4 Rc4 55. Kg5 Rc5+ 56. Kg4 Rc4 1/2-1/2

[Event "Stuttgart-chA int"]
[Site "Ditzingen"]
[Date "2012.05.17"]
[Round "1"]
[White "Kabisch, Thilo"]
[Black "Rempeli, Alexander"]
[Result "1-0"]
[WhiteElo "2277"]
[BlackElo "1981"]
[PlyCount "47"]
[EventDate "2012.05.17"]
[EventType "swiss"]
[EventRounds "7"]
[EventCountry "GER"]
[SourceTitle "EXT 2018"]
[Source "ChessBase"]
[SourceDate "2017.10.13"]
[SourceVersion "1"]
[SourceVersionDate "2017.10.13"]
[SourceQuality "1"]

1. e4 e6 2. d4 d5 3. e5 c5 4. c3 Nc6 5. Nf3 Bd7 6. Be2 Nge7 7. 0-0 Nf5 8. b3 cxd4 9. cxd4 Qb6 10. Bb2 Be7 11. Kh1 h5 12. Nc3 g5 13. Na4 Qd8 14. Nc5 g4 15. Ne1 Bxc5 16. dxc5 Qg5 17. a3 0-0-0 18. b4 Nh4 19. b5 Nxe5 20. c6 bxc6 21. Qd4 Nc4 22. Qxa7 cxb5 23. Bxh8 Rxh8 24. Qa8+ 1-0

[Event "Fellbach Oeffingen op 2nd"]
[Site "Fellbach Oeffingen"]
[Date "2011.06.14"]
[Round "7"]
[White "Rempeli, Alexander"]
[Black "Vaysberg, Alexander"]
[Result "1/2-1/2"]
[WhiteElo "1971"]
[BlackElo "2146"]
[PlyCount "21"]
[EventDate "2011.06.11"]
[EventType "swiss"]
[EventRounds "7"]
[EventCountry "GER"]
[SourceTitle "CBM 142 Extra"]
[Source "ChessBase"]
[SourceDate "2011.06.27"]
[SourceVersion "1"]
[SourceVersionDate "2011.06.27"]
[SourceQuality "1"]

1. d4 d5 2. c4 c6 3. Nf3 Nf6 4. e3 e6 5. Nbd2 Bd6 6. Bd3 Nbd7 7. 0-0 0-0 8. e4 dxe4 9. Nxe4 Nxe4 10. Bxe4 Nf6 11. Bc2 1/2-1/2

[Event "Fellbach Oeffingen op 2nd"]
[Site "Fellbach Oeffingen"]
[Date "2011.06.12"]
[Round "3"]
[White "Schnepp, Gunnar"]
[Black "Rempeli, Alexander"]
[Result "1/2-1/2"]
[WhiteElo "2248"]
[BlackElo "1971"]
[PlyCount "52"]
[EventDate "2011.06.11"]
[EventType "swiss"]
[EventRounds "7"]
[EventCountry "GER"]
[SourceTitle "CBM 142 Extra"]
[Source "ChessBase"]
[SourceDate "2011.06.27"]
[SourceVersion "1"]
[SourceVersionDate "2011.06.27"]
[SourceQuality "1"]

1. d4 Nf6 2. c4 g6 3. Nc3 d5 4. cxd5 Nxd5 5. e4 Nxc3 6. bxc3 Bg7 7. Nf3 c5 8. Rb1 0-0 9. Be2 cxd4 10. cxd4 Qa5+ 11. Bd2 Qxa2 12. 0-0 Bg4 13. Be3 Nc6 14. d5 Na5 15. Bc5 Bxf3 16. Bxf3 Bf6 17. e5 Bxe5 18. Bxe7 Rfb8 19. d6 Qa3 20. Re1 Qc5 21. Qd5 Bd4 22. Qa2 Nc6 23. Rbc1 Qb5 24. Rb1 Qc5 25. Rbc1 Qb5 26. Rb1 Qc5 1/2-1/2

[Event "Fellbach Oeffingen op 2nd"]
[Site "Fellbach Oeffingen"]
[Date "2011.06.11"]
[Round "1"]
[White "Rempeli, Alexander"]
[Black "Pelezki, Jurij"]
[Result "1-0"]
[WhiteElo "1971"]
[BlackElo "1623"]
[PlyCount "61"]
[EventDate "2011.06.11"]
[EventType "swiss"]
[EventRounds "7"]
[EventCountry "GER"]
[SourceTitle "CBM 142 Extra"]
[Source "ChessBase"]
[SourceDate "2011.06.27"]
[SourceVersion "1"]
[SourceVersionDate "2011.06.27"]
[SourceQuality "1"]

1. d4 d5 2. c4 Nf6 3. Nf3 c6 4. e3 g6 5. Nc3 Bg7 6. Bd3 0-0 7. 0-0 Re8 8. Ne5 Nbd7 9. f4 Nxe5 10. fxe5 Ng4 11. cxd5 cxd5 12. Qb3 e6 13. Bd2 a6 14. Rac1 Qg5 15. Rf3 Qh4 16. h3 Nh6 17. e4 dxe4 18. Nxe4 Nf5 19. Bg5 Qh5 20. Qa4 b5 21. Qb4 Nh4 22. Re3 Nf5 23. Be2 Qxg5 24. Nxg5 Nxe3 25. Rc7 Nd5 26. Qc5 Rf8 27. Bf3 Bh6 28. Bxd5 exd5 29. Nxf7 Be3+ 30. Kh1 Be6 31. Qc3 1-0

[Event "GER-ch Net final U25"]
[Site "Playchess.com INT"]
[Date "2011.05.18"]
[Round "8"]
[White "Kyas, Marcel"]
[Black "Rempeli, Alexander"]
[Result "1-0"]
[WhiteElo "2253"]
[BlackElo "2254"]
[PlyCount "33"]
[EventDate "2011.05.18"]
[EventType "swiss (blitz)"]
[EventRounds "9"]
[EventCountry "GER"]
[SourceTitle "CBM 142 Extra"]
[Source "ChessBase"]
[SourceDate "2011.06.27"]
[SourceVersion "1"]
[SourceVersionDate "2011.06.27"]
[SourceQuality "1"]

1. d4 c6 2. c4 g6 3. Nf3 Bg7 4. g3 d5 5. b3 Bg4 6. Bb2 e6 7. Bg2 Ne7 8. 0-0 0-0 9. Ne1 g5 10. Qd2 Nf5 11. h3 Bxe2 12. Qxe2 Nxd4 13. Qd2 Qf6 14. Nc3 Nd7 15. Rd1 Nf5 16. Ba1 d4 17. Ne4 1-0